Gaming Quiz

Random Gaming Quiz

DenkOps Quiz Stats

 Plays Quiz not verified by Sporcle

Also try: Skyrim Skills
Challenge
Share
Tweet
Embed
Score 0/8 Timer 03:00
0 Plays Today
Question Answer Wrong Answers
What's DenkOps real name? Chris Denker
92.2%
Chris Danger
3.1%
Kris Denker
1.6%
Max Danger
3.1%
What's the most popular series on his channel? WWE 2k My career Series
92.2%
Happy Wheels
0%
NBA 2K My career series
6.3%
WWE Supercard
1.6%
Whats his girlfriend's name? Michelle
85.9%
Ashley
4.7%
Christina
1.6%
Jeniffer
6.3%
Who does NOT play with Denk? H20 Delirious
75%
UpUpDownDown
6.3%
TeemingTubbyEmu
12.5%
TonyPizzaGuy
4.7%
Who is his favorite Male legend? 'Stone Cold' Steve Austin
70.3%
Kurt angle
14.1%
The rock
4.7%
The Undertaker
9.4%
Who is his favorite Female Superstar? Sasha Banks
62.5%
Bayley
7.8%
Charlotte
15.6%
Nikki Bella
12.5%
Who is his favorite Male Superstar? Seth rollins
53.1%
Dean ambrose
7.8%
Roman reigns
4.7%
Aj styles
32.8%
Who is his favorite female Legend? Lita
51.6%
Trish stratus
26.6%
Mickie james
14.1%
Torrie Wilson
6.3%

You're not logged in!

Compare scores with friends on all Sporcle quizzes.
Join for Free
OR
Log In

You Might Also Like...

Show Comments

Extras

Created Apr 14, 2017ReportNominate
Tags:much

Top Quizzes Today


Score Distribution

Your Account Isn't Verified!

In order to create a playlist on Sporcle, you need to verify the email address you used during registration. Go to your Sporcle Settings to finish the process.

Report this User

Report this user for behavior that violates our Community Guidelines.

Details: